1909 Adana Ermeni olayları ve anılarım (Record no. 2158)

MARC details
000 -BAŞLIK
Sabit Uzunlukta Kontrol Alanı 00769na a2200253 4500
001 - KONTROL NUMARASI
Denetim Alanı 14424
003 - KONTROL NUMARASI IDENTIFIER
Denetim Alanı MIRAKIL
005 - SON İŞLEM TARİHİ VE ZAMANI
Denetim Alanı 20181213154847.0
008 - SABİT-BOY VERİ ELEMANLARI - GENEL BİLGİLER
Sabit Uzunlukta Kontrol Alanı 161028b tu 000 0
035 ## - SİSTEM KONTROL NUMARASI
Sistem Kontrol Numarası 14424
040 ## - KATALOGLAMA KAYNAK
Orijinal Kataloglama Ajansı Milas
Kataloglama Dili tur
Metne Dönüştürmek Ajansı TR-AnCHP
041 ## - DİL KODU
Metin / Ses Parça Veya Ayrı Başlığın Dil Kodu tur
082 ## - DEWEY ONLU SINIFLANDIRMA NUMARASI
Sınıflandırma Numarası 923.256 Asaf,A.
Ürün Numarası A72b 1982
090 ## - SINIFLAMA NUMARASI
Sınıflama Numarası 923.256 Asaf,A. A72b 1982
100 ## - ANA GİRİŞ - KİŞİSEL İSİM
Kişisel Ad Asaf, Mehmed
245 ## - BAŞLIK TABLOSU
Başlık 1909 Adana Ermeni olayları ve anılarım
Sorumluluk Tablosu, Vb Mehmed Asaf; yayına hazırlayan: İsmet Parmaksızoğlu
260 ## - YAYIN, DAĞITIM, VB
Yayın, Dağıtım, Vb Yeri Ankara
Yayıncı, Dağıtıcı, Vs Adı Türk Tarih Kurumu Basımevi
Yayın, Dağıtım, Vb Tarihi 1982
300 ## - FİZİKSEL TANIM
Kapsam 87 s.
Boyutlar 23 sm.
490 ## - SERİSİ TABLOSU
Seri Beyanı Türk Tarih Kurumu Yayınları
Hacim / Ardışık Tanımı 47
600 ## - KONU KATMA GİRİŞ - KURUMSAL ADI
Kişisel Ad Asaf, Ahmed
Genel Alt Bölümü Anılar
650 ## - KONU KATMA GİRİŞ - TOPİKAL DÖNEM
Topikal Süreli Veya Coğrafi Ad Giriş Elemanı Ermeni sorunu
Aktif Tarihleri 1909
Coğrafi Alt Bölümü Adana
700 ## - KATMA GİRİŞ - KİŞİSEL İSİM
Kişisel Ad Parmaksızoğlu, İsmet
942 ## - EKLENDİ GİRİŞ ELEMANLARI (KOHA)
Sınıflandırma Veya Raf Düzeni Kaynak Dewey Decimal Classification
Koha Öğesi Türü Books
999 ## - SİSTEM KONTROL NUMARALARI (KOHA)
Koha Biblionumber 2158
Koha Biblioitemnumber 2158
Holdings
Kalıcı Konum Mevcut Konum Edinme Tarihi Edinim Kaynak Toplam Check-Out'Lar Tam Çağrı Numarası Barkod Tarih Son Görülme İtibaren Geçerli Fiyatlar Koha Öğesi Türü
CHP Kütüphanesi CHP Kütüphanesi 08/27/2016 Bağış   923.256 Asaf,A. A72b 1982 002315 08/27/2016 08/27/2016 Books